000 00339nam a2200133Ia 4500
005 20260328104310.0
008 260328s9999||||xx |||||||||||||| ||und||
100 _aWong, Wucius
245 0 _aPrinciples of TWO-Dimensional Design /
_cWucius Wong
260 _bJohn Wiley
300 _a77 p.
650 _aPROPORCIÓN (ARTE)
942 _cBK
999 _c10922
_d10922